000
00282nam a22001337a 4500
082
_a
823
_b
ANN/C
100
_a
ANN
245
_a
THE CLEVER BARBER
260
_a
THRISSUR
_b
H&C
300
_a
32
520
_a
ENGLISH SHORT STORY
650
_a
ENGLISH SHORT STORY
_z
KERALA
942
_c
BK
999
_c
5775
_d
5775